Statistics for Every winner of the Fifa Mens World Cup

Click here to take the quiz!

General Stats

  • This quiz has been taken 90 times
  • The average score is 21 of 22

Answer Stats

HintAnswer% Correct
1978Argentina
100%
2022Argentina
100%
1986Argentina
100%
1994Brazil
99%
1958Brazil
99%
1962Brazil
99%
1970Brazil
99%
2002Brazil
99%
2018France
99%
1998France
99%
2010Spain
99%
2014Germany
97%
2006Italy
96%
1982Italy
96%
1938Italy
96%
1934Italy
96%
1966England
95%
1950Uruguay
92%
1930Uruguay
92%
1990West Germany
76%
1974West Germany
76%
1954West Germany
76%

Score Distribution

Percentile by Number Answered

Percent of People with Each Score

Your Score History

You have not taken this quiz